000 00227nam a2200085Ia 4500
008 120527s9999 xx 000 0 und d
100 _aDUNAWAY,Steven.et al
245 _aPrivate market financing for develop countries
942 _cBK
999 _c25377
_d25377